Statistics for Beloved Mammals From Pictures

Click here to take the quiz!

General Stats

  • This quiz has been taken 28 times
  • The average score is 15 of 15

Answer Stats

Answer% Correct
Cat
100%
Dog
100%
Dolphin
100%
Elephant
100%
Lion
100%
Panda
100%
Rabbit
100%
Tiger
100%
Whale
100%
Wolf
100%
Zebra
100%
Cheetah
96%
Leopard
96%
Red Panda
87%
Rhinoceros
78%

Score Distribution

Percentile by Number Answered

Percent of People with Each Score

Your Score History

You have not taken this quiz